[Event "Detroit (HPO/2/31)"]
[Site "?"]
[Date "1991.??.??"]
[Round "?"]
[White "Vaka, Flamur"]
[Black "Moore, De"]
[Result "1-0"]
[WhiteElo "1655"]
[BlackElo "1605"]
[PlyCount "89"]
[EventDate "1991.??.??"]

{2/(31)} 1. e4 e5 2. Nf3 d6 3. Bc4 h6 4. d4 exd4 5. Nxd4 Nf6 6. O-O a6 7. a4
Be7 8. Nc3 O-O 9. Qf3 Nbd7 10. Qg3 Nh5 11. Qf3 Ndf6 12. h3 g5 13. Nf5 Bxf5 14.
exf5 c6 15. g4 Ng7 16. Qg3 d5 17. Bd3 c5 18. f4 Ne4 19. Nxe4 dxe4 20. Bxe4 Qd4+
21. Qe3 Rab8 22. Qxd4 cxd4 23. fxg5 hxg5 24. f6 Bc5 25. fxg7 Kxg7 26. Kg2 f6
27. Bd3 b5 28. axb5 axb5 29. b3 Rf7 30. Bd2 b4 31. Ra5 Bd6 32. Raf5 Rbb7 33.
Rb5 Be5 34. Rxb7 Rxb7 35. Ra1 Bd6 36. Ra5 Bf4 37. Bxf4 gxf4 38. Rb5 Rxb5 39.
Bxb5 Kg6 40. Kf3 Kg5 41. h4+ Kxh4 42. Kxf4 Kh3 43. Kf5 Kg3 44. Kxf6 Kxg4 45.
Ke5 1-0

[Event "East Lansing (MOR/2)"]
[Site "?"]
[Date "1991.??.??"]
[Round "?"]
[White "Vaka, Flamur"]
[Black "Davis, Ralph"]
[Result "1/2-1/2"]
[WhiteElo "1640"]
[BlackElo "1605"]
[PlyCount "65"]
[EventDate "1991.??.??"]

1. e4 c5 2. Nf3 d6 3. d4 cxd4 4. Nxd4 Nf6 5. Nc3 a6 6. a4 e6 7. Bd3 Be7 8. O-O
O-O 9. Re1 e5 10. Nf5 Bxf5 11. exf5 Nbd7 12. Be3 d5 13. Bg5 Bb4 14. Bxf6 Nxf6
15. Rxe5 Bxc3 16. bxc3 Qc7 17. Re1 Qxc3 18. Qf3 Rae8 19. Red1 Re7 20. g4 Rfe8
21. g5 Re1+ 22. Rxe1 Rxe1+ 23. Rxe1 Qxe1+ 24. Kg2 Ne4 25. f6 Qb4 26. fxg7 Qxa4
27. Qf5 Kxg7 28. Qxd5 Nd2 29. Qe5+ Kg8 30. Qb8+ Kg7 31. Qe5+ Kg8 32. Qb8+ Kg7
33. Qe5+ 1/2-1/2

[Event "Ann Arbor (HVA/4/7)"]
[Site "?"]
[Date "1991.??.??"]
[Round "?"]
[White "Turner, P."]
[Black "Jointer, William"]
[Result "1-0"]
[WhiteElo "1755"]
[BlackElo "1740"]
[PlyCount "111"]
[EventDate "1991.??.??"]

{4/(7)} 1. e4 c5 2. Nf3 d6 3. d4 cxd4 4. Nxd4 Nf6 5. Nc3 g6 6. Be3 Bg7 7. f3
O-O 8. Qd2 Re8 9. Bc4 Nc6 10. O-O-O Na5 11. Bb3 Nxb3+ 12. Nxb3 a5 13. h4 a4 14.
Nd4 Qa5 15. Bh6 Bh8 16. g4 b5 17. Ncxb5 Bd7 18. Qxa5 Rxa5 19. Na3 Rc8 20. Kb1
Ne8 21. Be3 Rb8 22. g5 Nc7 23. h5 Ne6 24. hxg6 hxg6 25. f4 Nc5 26. Nc4 Ra7 27.
e5 d5 28. Na3 Rab7 29. Bc1 Ne4 30. Rdf1 Ng3 31. Rfg1 Nxh1 32. Rxh1 Bg7 33. c3
e6 34. Nac2 Bf8 35. Ne3 Rc8 36. Ng4 Kg7 37. Nf6 Bc5 38. Rh7+ Kf8 39. Nxd7+ Ke7
40. Nxc5 Rxc5 41. Rh3 Rc8 42. Kc2 Rb4 43. Kd3 Rbc4 44. Bd2 Rb8 45. b3 axb3 46.
axb3 Rcc8 47. Rh1 Ra8 48. b4 Ra2 49. Nb5 Rca8 50. Nd6 Rb2 51. Rh7 Rf8 52. b5
Rb1 53. Be3 Ra1 54. Bc5 Rfa8 55. Rxf7+ Kd8 56. Bb6# 1-0

[Event "Ann Arbor (HVA/2/1)"]
[Site "?"]
[Date "1991.??.??"]
[Round "?"]
[White "Turner, P."]
[Black "Aldrich, Jeff"]
[Result "0-1"]
[WhiteElo "1755"]
[BlackElo "1900"]
[PlyCount "78"]
[EventDate "1991.??.??"]

{2/(1)} 1. e4 c6 2. d4 d5 3. Nc3 dxe4 4. Nxe4 Nd7 5. Ng5 Ngf6 6. Bc4 e6 7. Qe2
Nb6 8. N1f3 h6 9. Nh3 Bd6 10. Bb3 Qc7 11. c4 c5 12. Be3 O-O 13. Nhg1 Re8 14.
Qd3 a6 15. Ne2 cxd4 16. Qxd4 Nbd7 17. Rd1 Bb4+ 18. Nc3 e5 19. Qh4 Qa5 20. Rc1
e4 21. Nd4 Ne5 22. O-O Ng6 23. Qg3 Nh5 24. Qxg6 fxg6 25. Nd5 Kh8 26. Ne6 Rxe6
27. c5 Rc6 28. Nb6 Rb8 29. Rfd1 Bg4 30. Nc4 Qc7 31. Ba4 Bxd1 32. Bxc6 Qxc6 33.
Rxd1 Qe6 34. b3 Qg4 35. Rf1 Nf4 36. Bxf4 Qxf4 37. g3 Qf6 38. Nd6 Rf8 39. Nxe4
Qf3 0-1

[Event "Detroit (HPO/3/3)"]
[Site "?"]
[Date "1991.??.??"]
[Round "?"]
[White "Turner, George"]
[Black "Stone, Ray"]
[Result "0-1"]
[WhiteElo "2110"]
[BlackElo "2420"]
[PlyCount "85"]
[EventDate "1991.??.??"]

{3/(3)} 1. d4 Nf6 2. c4 g6 3. Nc3 d5 4. cxd5 Nxd5 5. e4 Nxc3 6. bxc3 Bg7 7. Bc4
c5 8. Ne2 O-O 9. O-O Nc6 10. Be3 Na5 11. Bd3 b6 12. dxc5 bxc5 13. Bxc5 Qc7 14.
Bd4 e5 15. Be3 Be6 16. Qc2 Nc4 17. Bc1 Rfd8 18. Rd1 Rd6 19. Ng3 Rc6 20. Nf1 Rc8
21. Nd2 Na3 22. Qa4 Rxc3 23. Bxa3 Rxd3 24. Nb3 Rxd1+ 25. Rxd1 Qc2 26. Rc1 Rd8
27. h3 Qxa2 28. Nc5 Bf8 29. Nxe6 Qxa3 30. Qxa3 Bxa3 31. Nxd8 Bxc1 32. Nc6 a6
33. Nxe5 a5 34. Nd3 Ba3 35. Kf1 Kf8 36. Ke2 Ke7 37. Kd2 a4 38. Kc3 Ke6 39. Nb2
Bxb2+ 40. Kxb2 Ke5 41. f3 Kf4 42. h4 Kg3 43. h5 0-1

[Event "Detroit (HPO/1/12)"]
[Site "?"]
[Date "1991.??.??"]
[Round "?"]
[White "Turner, George"]
[Black "Davis, Michael"]
[Result "1-0"]
[WhiteElo "2110"]
[BlackElo "1605"]
[PlyCount "81"]
[EventDate "1991.??.??"]

{1/(12)} 1. d4 Nf6 2. c4 e6 3. Nc3 Bb4 4. e3 b6 5. Nf3 Bb7 6. Bd3 O-O 7. O-O d5
8. Qe2 Nbd7 9. a3 Bxc3 10. bxc3 c5 11. h3 h6 12. Rd1 Qc7 13. Bb2 Rfd8 14. Rac1
Rac8 15. cxd5 Bxd5 16. e4 Bb3 17. Re1 c4 18. Bb1 Qc6 19. e5 Nd5 20. Qe4 Nf8 21.
Nd2 a5 22. f4 Ne7 23. Qe3 Nfg6 24. Qf2 b5 25. g4 Nf8 26. f5 exf5 27. gxf5 Qb6
28. Kh2 Qc7 29. Rg1 Nh7 30. Qg3 g5 31. fxg6 fxg6 32. Bxg6 Nxg6 33. Qxg6+ Kh8
34. Ne4 Rg8 35. Qxh6 Rcf8 36. Rxg8+ Kxg8 37. Rg1+ Kh8 38. Rg2 Bd1 39. Ng5 b4
40. Nxh7 Qxh7 41. Qxf8+ 1-0

[Event "East Lansing (MOR/2)"]
[Site "?"]
[Date "1991.??.??"]
[Round "?"]
[White "Tsuji, J."]
[Black "Shoulders, C."]
[Result "1/2-1/2"]
[WhiteElo "1605"]
[BlackElo "1605"]
[PlyCount "67"]
[EventDate "1991.??.??"]

1. d4 Nf6 2. Nf3 d5 3. e3 Bg4 4. h3 Bxf3 5. gxf3 a6 6. Nd2 Nc6 7. c3 g6 8. Bg2
e5 9. O-O e4 10. fxe4 dxe4 11. Nxe4 Nxe4 12. Bxe4 Qg5+ 13. Kh1 Qh4 14. Qf3 Bd6
15. Bxc6+ Kf8 16. Bxb7 Re8 17. Bd5 Re7 18. Rg1 c6 19. Bxc6 Re6 20. Ba4 Rf6 21.
Qa8+ Kg7 22. Qg2 Rxf2 23. Qxf2 Qxf2 24. Rg2 Qf1+ 25. Rg1 Qf3+ 26. Rg2 Qxh3+ 27.
Kg1 Rf8 28. e4 h6 29. Bc2 Bh2+ 30. Rxh2 Qg3+ 31. Rg2 Qe1+ 32. Kh2 Qh4+ 33. Kg1
Qe1+ 34. Kh2 1/2-1/2

[Event "East Lansing (MOR/4)"]
[Site "?"]
[Date "1991.??.??"]
[Round "?"]
[White "Tsuji, J."]
[Black "Nicolli, Randy"]
[Result "0-1"]
[WhiteElo "1605"]
[BlackElo "1605"]
[PlyCount "66"]
[EventDate "1991.??.??"]

1. d4 d5 2. Nf3 Nf6 3. e3 Bf5 4. Nbd2 Nc6 5. Bb5 a6 6. Ba4 b5 7. Bb3 e6 8. O-O
Bd6 9. c3 Qe7 10. Bc2 Bg6 11. Bxg6 hxg6 12. Qc2 O-O-O 13. Qd3 g5 14. h3 g4 15.
hxg4 Nxg4 16. Re1 Rh6 17. g3 Rdh8 18. Kf1 Qf6 19. Ke2 e5 20. e4 exd4 21. cxd4
Re8 22. Kf1 Rh1+ 23. Ke2 Rxe1+ 24. Kxe1 Nb4 25. Qc3 dxe4 26. Nxe4 Rxe4+ 27. Kf1
Qf5 28. Kg2 Re2 29. Bf4 Rxf2+ 30. Kg1 Bxf4 31. gxf4 Qxf4 32. Rf1 Qg3+ 33. Kh1
Qg2# 0-1

[Event "East Lansing (MOR/6)"]
[Site "?"]
[Date "1991.??.??"]
[Round "?"]
[White "Tsuji, J."]
[Black "Mech, R."]
[Result "1/2-1/2"]
[WhiteElo "1605"]
[BlackElo "1605"]
[PlyCount "113"]
[EventDate "1991.??.??"]

1. d4 d5 2. Nf3 Bf5 3. c4 e6 4. cxd5 exd5 5. Qb3 b6 6. Nc3 Nf6 7. Bg5 Nbd7 8.
Nxd5 c6 9. Nc3 Bd6 10. e3 O-O 11. Be2 Qc7 12. Bxf6 Nxf6 13. O-O Ne4 14. Nxe4
Bxe4 15. g3 Rfe8 16. Rac1 Re6 17. Rfd1 Rh6 18. Nd2 Qd7 19. Bf1 Bd5 20. Qc2 Qg4
21. f3 Bxf3 22. Nxf3 Qxf3 23. Qe2 Qe4 24. Bg2 Qg6 25. Rxc6 Rd8 26. Rdc1 Qg5 27.
Rc8 Re6 28. Rxd8+ Qxd8 29. Bd5 Rf6 30. Rf1 Rxf1+ 31. Qxf1 Qd7 32. e4 Kf8 33. e5
Bxe5 34. dxe5 Qxd5 35. Qg2 Qxg2+ 36. Kxg2 Ke7 37. Kf3 Ke6 38. Ke4 a5 39. h3 g5
40. h4 gxh4 41. gxh4 h5 42. Kf4 f6 43. exf6 Kxf6 44. a4 Kg6 45. Ke5 Kg7 46. Kf5
Kh6 47. Kf6 Kh7 48. Kg5 Kg7 49. Kxh5 Kh7 50. Kg5 Kg7 51. h5 Kh8 52. Kg6 Kg8 53.
h6 Kh8 54. h7 b5 55. axb5 a4 56. b6 a3 57. bxa3 1/2-1/2

[Event "Detroit (HPO/3/2)"]
[Site "?"]
[Date "1991.??.??"]
[Round "?"]
[White "Tsemekhman, Vadim"]
[Black "Ward, Tom"]
[Result "1-0"]
[WhiteElo "2420"]
[BlackElo "2120"]
[PlyCount "57"]
[EventDate "1991.??.??"]

{3/(2)} 1. d4 Nf6 2. c4 e6 3. Nc3 Bb4 4. f3 c5 5. d5 d6 6. e4 O-O 7. Bd3 Nh5 8.
Nge2 Bxc3+ 9. bxc3 e5 10. O-O g5 11. g3 Kh8 12. Kh1 Nd7 13. Be3 f6 14. Qd2 Qe8
15. Rf2 Qg6 16. Raf1 Nb6 17. f4 Bh3 18. f5 Qe8 19. Re1 Ng7 20. Ng1 Bg4 21. Ref1
h6 22. h3 Bh5 23. h4 Kg8 24. hxg5 hxg5 25. Bxg5 Rf7 26. Bh6 Bg4 27. Rh2 Nh5 28.
Kg2 Rh7 29. Rh4 1-0

[Event "Detroit (HPO/1/2)"]
[Site "?"]
[Date "1991.??.??"]
[Round "?"]
[White "Tsemekhman, Vadim"]
[Black "Morrow, Chris"]
[Result "1-0"]
[WhiteElo "2420"]
[BlackElo "1715"]
[PlyCount "93"]
[EventDate "1991.??.??"]

{1/(2)} 1. d4 d5 2. c4 c6 3. Nf3 Nf6 4. g3 dxc4 5. Bg2 e6 6. O-O Nbd7 7. Qc2
Nb6 8. Rd1 Be7 9. Nbd2 O-O 10. Nxc4 Nxc4 11. Qxc4 Qb6 12. b3 c5 13. Bb2 Qd6 14.
Rac1 b6 15. Ne5 Nd5 16. dxc5 bxc5 17. e4 Nb6 18. Qc3 Qc7 19. Nd7 f6 20. Nxf8
Kxf8 21. e5 Bb7 22. Bxb7 Qxb7 23. exf6 gxf6 24. Qe3 Kf7 25. Qh6 Qe4 26. Qh5+
Qg6 27. Qxg6+ hxg6 28. Ba3 Rc8 29. Rd2 f5 30. Rdc2 c4 31. Bxe7 Kxe7 32. bxc4
Rc5 33. f4 Kf6 34. Kf2 g5 35. Ke3 e5 36. fxe5+ Kxe5 37. Kd3 f4 38. Re2+ Kf5 39.
gxf4 gxf4 40. Kd4 Rc7 41. Re5+ Kg4 42. c5 Nc8 43. Rg1+ Kf3 44. Rf1+ Kg4 45. Ke4
Rf7 46. Rg1+ Kh4 47. Re8 1-0

[Event "Ann Arbor (MI Inv Pre/3)"]
[Site "?"]
[Date "1991.??.??"]
[Round "?"]
[White "Tsemekhman, Vadim"]
[Black "Lindsay, F."]
[Result "1-0"]
[WhiteElo "2435"]
[BlackElo "2385"]
[PlyCount "61"]
[EventDate "1991.??.??"]

1. d4 d5 2. c4 c6 3. Nf3 Nf6 4. Nc3 dxc4 5. a4 Bf5 6. e3 e6 7. Bxc4 Bb4 8. O-O
Nbd7 9. Qe2 Bg6 10. Rd1 Qc7 11. e4 Bxc3 12. bxc3 Nxe4 13. Qe1 O-O 14. Bd3 Nef6
15. Bxg6 hxg6 16. Ba3 Rfd8 17. Ng5 e5 18. Rd3 Re8 19. Qb1 exd4 20. Rxd4 c5 21.
Rh4 Qe5 22. Rh8+ Kxh8 23. Nxf7+ Kh7 24. Nxe5 Rxe5 25. Qxb7 Rae8 26. h3 a5 27.
Qc7 Rf5 28. Rd1 Re2 29. Rxd7 Rfxf2 30. Rxg7+ Kh8 31. Rxg6 1-0

[Event "Ann Arbor (MI Inv Semi/2)"]
[Site "?"]
[Date "1991.??.??"]
[Round "?"]
[White "Tsemekhman, Vadim"]
[Black "Lindsay, F."]
[Result "1-0"]
[WhiteElo "2435"]
[BlackElo "2385"]
[PlyCount "173"]
[EventDate "1991.??.??"]

1. d4 d5 2. c4 c6 3. Nc3 Nf6 4. Nf3 dxc4 5. a4 Bf5 6. e3 e6 7. Bxc4 Bb4 8. O-O
Nbd7 9. Nh4 Bg4 10. f3 Nd5 11. fxg4 Qxh4 12. Qf3 O-O 13. e4 N5b6 14. Bb3 c5 15.
Na2 a5 16. Nxb4 axb4 17. Bf4 c4 18. a5 cxb3 19. axb6 Rxa1 20. Rxa1 Nxb6 21. Bd6
Rc8 22. Rf1 Qf6 23. Qd3 Qd8 24. Bxb4 Na4 25. Ba3 Qb6 26. Kh1 Rc7 27. h4 Rd7 28.
Rd1 h6 29. Qc4 Qc6 30. Qxb3 b5 31. d5 exd5 32. exd5 Qf6 33. g5 hxg5 34. Qxb5
Nb6 35. d6 Qf2 36. Qxg5 Nc4 37. h5 Qe2 38. Rc1 Ne5 39. h6 f6 40. Qf5 gxh6 41.
Bb4 Qg4 42. Qxg4+ Nxg4 43. Rc7 Ne5 44. Bc5 Rd8 45. b4 Nd7 46. Ba7 Kf7 47. b5
Ke6 48. b6 Nxb6 49. Bxb6 Rxd6 50. Be3 h5 51. Rh7 Rd5 52. Kh2 Re5 53. Bf4 Rf5
54. g3 Ra5 55. Kh3 Ra4 56. Rxh5 Kf7 57. Rb5 Kg6 58. Kg4 Ra6 59. Kf3 Re6 60. Rd5
Ra6 61. Rd6 Ra5 62. Ke4 Ra4+ 63. Rd4 Ra5 64. Rc4 Rb5 65. Kd4 Ra5 66. Rc5 Ra1
67. Kd5 Rd1+ 68. Ke6 Re1+ 69. Kd6 Re2 70. Kd5 Re1 71. Kd4 Re6 72. Rd5 Re1 73.
Kd3 Re8 74. Be3 Re6 75. Ke2 Ra6 76. Kf3 Rc6 77. Rd4 Re6 78. Rf4 Ra6 79. Bd4 Re6
80. Kg4 Ra6 81. Rxf6+ Rxf6 82. Bxf6 Kxf6 83. Kh5 Kf5 84. g4+ Kf6 85. Kh6 Kf7
86. g5 Kg8 87. Kg6 1-0

[Event "Flint (MEX/1)"]
[Site "?"]
[Date "1991.??.??"]
[Round "?"]
[White "Tsemekhman, Vadim"]
[Black "Jarosz, Stan"]
[Result "1-0"]
[WhiteElo "2435"]
[BlackElo "2050"]
[PlyCount "57"]
[EventDate "1991.??.??"]

1. d4 d5 2. c4 e6 3. Nc3 Be7 4. cxd5 exd5 5. Bf4 Nf6 6. e3 O-O 7. Bd3 c5 8. Nf3
Nc6 9. dxc5 Bxc5 10. O-O d4 11. exd4 Nxd4 12. Na4 Nxf3+ 13. Qxf3 Bd4 14. Bc2
Qd5 15. Qxd5 Nxd5 16. Bd6 Rd8 17. Rad1 Rxd6 18. Rxd4 Be6 19. Bb3 Rad8 20. Rfd1
R6d7 21. Nc5 Rc7 22. Nd3 Rcd7 23. Ne5 Rd6 24. Nc4 R6d7 25. Ba4 Rc7 26. Ne3 Rc5
27. Bb3 Rdc8 28. Nxd5 Bxd5 29. Rxd5 1-0

[Event "Flint (MEX/3)"]
[Site "?"]
[Date "1991.??.??"]
[Round "?"]
[White "Tsemekhman, Vadim"]
[Black "Hahn, David"]
[Result "1/2-1/2"]
[WhiteElo "2435"]
[BlackElo "2280"]
[PlyCount "161"]
[EventDate "1991.??.??"]

1. d4 d6 2. Nf3 g6 3. c4 f5 4. g3 Bg7 5. Nc3 Nf6 6. Bg2 O-O 7. O-O Nc6 8. d5
Na5 9. Nd2 c5 10. Qc2 a6 11. a3 Qc7 12. Qd3 Bd7 13. Rb1 b5 14. cxb5 c4 15. b6
cxd3 16. bxc7 dxe2 17. Re1 Rac8 18. b4 Rxc7 19. Nxe2 Nc4 20. Nxc4 Rxc4 21. Bb2
Ne4 22. Bxg7 Kxg7 23. f3 Nf6 24. Nf4 Kf7 25. Bf1 Rc3 26. Bxa6 Rxa3 27. Bf1 Rb8
28. Rec1 Bb5 29. Bg2 g5 30. Ne6 Nxd5 31. Nxg5+ Kf6 32. f4 Nc3 33. Ra1 Rxa1 34.
Rxa1 h6 35. Nf3 Bd7 36. Ra7 Be6 37. Rc7 Nd5 38. Rc1 Rxb4 39. Re1 Bf7 40. Nh4 e5
41. fxe5+ dxe5 42. Rc1 Rb6 43. Rf1 Ne3 44. Re1 Rb3 45. Rc1 Bd5 46. Bxd5 Nxd5
47. Rc6+ Kg5 48. Rc5 Rd3 49. Nf3+ Rxf3 50. Rxd5 e4 51. Kg2 Rd3 52. Re5 Rd2+ 53.
Kh3 Rf2 54. Re6 h5 55. Ra6 h4 56. Re6 Kh5 57. Ra6 hxg3 58. hxg3 Kg5 59. Re6 Ra2
60. Re5 Ra3 61. Re8 Ra2 62. Re6 Re2 63. Ra6 Re3 64. Kg2 Rf3 65. Re6 Rb3 66. Kh3
f4 67. Re5+ Kf6 68. Rxe4 Rxg3+ 69. Kh2 Kf5 70. Ra4 Kg4 71. Ra2 Rh3+ 72. Kg2 Rb3
73. Rc2 Rg3+ 74. Kh2 Rh3+ 75. Kg2 f3+ 76. Kg1 Kg3 77. Rg2+ Kf4 78. Ra2 Rh5 79.
Ra8 Rg5+ 80. Kf2 Rg2+ 81. Kf1 1/2-1/2

[Event "Ann Arbor (MI Inv Pre/2)"]
[Site "?"]
[Date "1991.??.??"]
[Round "?"]
[White "Tsemekhman, Vadim"]
[Black "Feldman, Steve"]
[Result "1-0"]
[WhiteElo "2435"]
[BlackElo "2260"]
[PlyCount "69"]
[EventDate "1991.??.??"]

1. d4 Nf6 2. c4 e6 3. Nc3 d5 4. cxd5 exd5 5. Bg5 Be7 6. e3 h6 7. Bh4 O-O 8. Qc2
c5 9. dxc5 Be6 10. Nf3 Nbd7 11. c6 bxc6 12. Nd4 Qb6 13. Nxe6 fxe6 14. Be2 c5
15. O-O Rac8 16. Rad1 Rfd8 17. b3 Nf8 18. e4 d4 19. e5 dxc3 20. exf6 gxf6 21.
Qxc3 Nh7 22. Qe3 Bf8 23. Bc4 Kf7 24. f4 Rd4 25. f5 Re8 26. fxe6+ Kg7 27. Bf2
Ng5 28. h4 Rxc4 29. bxc4 Nxe6 30. Be1 Qc6 31. Qg3+ Kh8 32. Bc3 Nd4 33. Bxd4
cxd4 34. Qg6 Bg7 35. Kh1 $138 1-0

[Event "Detroit (HPO/5/9)"]
[Site "?"]
[Date "1991.??.??"]
[Round "?"]
[White "Triplett, Thomas"]
[Black "Wilson, Vester"]
[Result "0-1"]
[WhiteElo "1840"]
[BlackElo "2065"]
[PlyCount "44"]
[EventDate "1991.??.??"]

{5/(9)} 1. e4 e5 2. Nf3 Nc6 3. Bb5 a6 4. Bxc6 dxc6 5. O-O Bg4 6. h3 h5 7. d3
Qf6 8. Nbd2 Ne7 9. Re1 Ng6 10. d4 Bd6 11. hxg4 hxg4 12. dxe5 Bxe5 13. g3 gxf3
14. Nxf3 Bxb2 15. e5 Qf5 16. Ng5 Bxa1 17. e6 fxe6 18. Rxe6+ Ne7 19. Qe2 Bf6 20.
g4 Qd5 21. f3 Bxg5 22. Bxg5 Qxg5 0-1

[Event "Ann Arbor (HVA/4/1)"]
[Site "?"]
[Date "1991.??.??"]
[Round "?"]
[White "Triplett, Thomas"]
[Black "Smith, Ed"]
[Result "0-1"]
[WhiteElo "1840"]
[BlackElo "1810"]
[PlyCount "144"]
[EventDate "1991.??.??"]

{4/(1)} 1. e4 e5 2. Nf3 Nf6 3. Nxe5 d6 4. Nf3 Nxe4 5. d4 d5 6. Bd3 Be7 7. O-O
Nc6 8. Re1 Bg4 9. Bxe4 dxe4 10. Rxe4 Bxf3 11. gxf3 Qd7 12. c3 O-O-O 13. Bf4 f5
14. Re1 g5 15. Be5 Nxe5 16. Rxe5 Bd6 17. Re1 h5 18. Nd2 g4 19. Nc4 Qg7 20.
Nxd6+ Rxd6 21. Kh1 h4 22. Qe2 g3 23. Qe5 Qh7 24. fxg3 hxg3 25. Qxg3 Rg6 26. Qe5
Qh3 27. Qe2 Rgh6 28. Rf1 Qxh2+ 29. Qxh2 Rxh2+ 30. Kg1 Rxb2 31. Rf2 Rh1+ 32.
Kxh1 Rxf2 33. f4 Rc2 34. Re1 Rxc3 35. Re5 Rh3+ 36. Kg2 Rh5 37. Re7 Rh6 38. Kf3
Ra6 39. Rf7 Ra3+ 40. Ke2 Rxa2+ 41. Kd3 Ra5 42. Kc4 Kd8 43. Rh7 b6 44. Rf7 a6
45. Rh7 Ra1 46. Kd5 Re1 47. Rf7 a5 48. Rxf5 a4 49. Kc4 Rb1 50. Rf8+ Ke7 51. Ra8
b5+ 52. Kd5 Rc1 53. Ke5 Ra1 54. Ra7 a3 55. Rxc7+ Kd8 56. Kd6 a2 57. Rb7 Kc8 58.
Rc7+ Kb8 59. Rc2 b4 60. Rb2 Kc8 61. f5 b3 62. Rxb3 Rb1 63. Ra3 a1=Q 64. Rxa1
Rxa1 65. Ke7 Re1+ 66. Kf7 Kd7 67. f6 Re4 68. d5 Re5 69. Kg6 Rxd5 70. f7 Ke7 71.
Kg7 Rg5+ 72. Kh6 Rg1 0-1

[Event "Ann Arbor (HVA/2/6)"]
[Site "?"]
[Date "1991.??.??"]
[Round "?"]
[White "Triplett, Thomas"]
[Black "Jordan, Willie"]
[Result "1-0"]
[WhiteElo "1840"]
[BlackElo "1675"]
[PlyCount "56"]
[EventDate "1991.??.??"]

{2/(6)} 1. e4 c6 2. Nc3 d5 3. Nf3 Bg4 4. h3 d4 5. hxg4 dxc3 6. bxc3 Nf6 7. e5
Nxg4 8. d4 e6 9. Bd3 g6 10. Ng5 h5 11. Qf3 Nh6 12. Ne4 Be7 13. Rb1 Qc7 14. Nf6+
Bxf6 15. Qxf6 Rh7 16. Bxh6 Nd7 17. Qf4 O-O-O 18. Bg5 Rg8 19. Rb3 Qa5 20. a3 h4
21. Rxh4 Rgh8 22. Rxh7 Rxh7 23. Bh4 Nb6 24. Be4 Na4 25. Kd2 Nb6 26. Ke2 Nc4 27.
Qf6 Nxa3 28. Rxa3 Qxa3 1-0

[Event "Detroit (HPO/2/8)"]
[Site "?"]
[Date "1991.??.??"]
[Round "?"]
[White "Triplett, Thomas"]
[Black "Everett, Morgan"]
[Result "0-1"]
[WhiteElo "1840"]
[BlackElo "2130"]
[PlyCount "72"]
[EventDate "1991.??.??"]

{2/(8)} 1. e4 e5 2. Nf3 Nc6 3. Bb5 a6 4. Bxc6 dxc6 5. O-O Bg4 6. h3 Bh5 7. c3
Qd6 8. Na3 f6 9. Nc2 O-O-O 10. d4 c5 11. Be3 Qc6 12. d5 Qd7 13. Na3 Bd6 14. Rb1
g5 15. b4 cxb4 16. cxb4 g4 17. Nh4 Ne7 18. Qc2 Kb8 19. Qe2 Bg6 20. Nxg6 hxg6
21. Qxg4 f5 22. exf5 gxf5 23. Qf3 e4 24. Qd1 Nxd5 25. Bc5 Nc3 26. Qb3 Nxb1 27.
Rxb1 Bxc5 28. bxc5 Qc6 29. Nc4 Ka8 30. Ne5 Qd5 31. Qb4 Rb8 32. Nc4 f4 33. Kh2
f3 34. Ne3 Qe5+ 35. g3 Rxh3+ 36. Kg1 Qh8 0-1

[Event "Ann Arbor (HVA/4/5)"]
[Site "?"]
[Date "1991.??.??"]
[Round "?"]
[White "Tobis, B."]
[Black "Potter, George"]
[Result "1-0"]
[WhiteElo "1700"]
[BlackElo "1875"]
[PlyCount "93"]
[EventDate "1991.??.??"]

{4/(5)} 1. e4 e5 2. Nf3 Nc6 3. Bb5 a6 4. Ba4 d6 5. c3 Nf6 6. d4 exd4 7. Nxd4
Bd7 8. Nxc6 bxc6 9. O-O Be7 10. Re1 O-O 11. e5 Nd5 12. Qf3 Re8 13. c4 Nb6 14.
Bxc6 Bxc6 15. Qxc6 dxe5 16. Be3 Qd7 17. Qxd7 Nxd7 18. Rd1 Nf6 19. h3 Rab8 20.
b3 Red8 21. Nd2 Rd7 22. Nf3 e4 23. Rxd7 Nxd7 24. Rd1 Rd8 25. Ng5 Nf6 26. Rxd8+
Bxd8 27. Bd4 Nd7 28. Nxe4 f5 29. Nc5 Nxc5 30. Bxc5 Kf7 31. f4 h6 32. g4 Kg6 33.
Kg2 fxg4 34. hxg4 Bf6 35. b4 Bc3 36. Kf3 h5 37. gxh5+ Kxh5 38. Ke4 c6 39. a4
Kg6 40. b5 cxb5 41. cxb5 axb5 42. axb5 Ba5 43. b6 Kf6 44. Bd4+ Kf7 45. Kf5 Kg8
46. b7 Bc7 47. Be5 1-0

[Event "Ann Arbor (HVA/2/5)"]
[Site "?"]
[Date "1991.??.??"]
[Round "?"]
[White "Tobis, B."]
[Black "Kung, Fred"]
[Result "0-1"]
[WhiteElo "1700"]
[BlackElo "1840"]
[PlyCount "82"]
[EventDate "1991.??.??"]

{2/(5)} 1. e4 e6 2. d4 d5 3. Nc3 Bb4 4. e5 c5 5. a3 Bxc3+ 6. bxc3 Ne7 7. Qg4
Qc7 8. Bd3 cxd4 9. Qxd4 Nbc6 10. Bb5 Bd7 11. Qe3 Nxe5 12. Bxd7+ Kxd7 13. Ne2
Nf5 14. Qf4 Nc4 15. Qxc7+ Kxc7 16. Nd4 Nfd6 17. f4 Ne4 18. Ke2 Nxc3+ 19. Kd3
Ne4 20. Rf1 Kd7 21. Rb1 b6 22. f5 Rhf8 23. Ne2 e5 24. Nc3 Nxc3 25. Kxc3 Rac8
26. Kb4 e4 27. Rd1 Kc6 28. Bf4 e3 29. Rd3 Rfe8 30. Re1 Re4 31. Bg3 Nb2+ 32. Kb3
Nxd3 33. cxd3 Re7 34. Bf4 e2 35. g4 Kb5 36. h4 d4 37. Bd2 g6 38. Bb4 Re3 39. f6
Rxd3+ 40. Kb2 a5 41. Be7 Rd2+ 0-1

[Event "Detroit (HPO/3/23)"]
[Site "?"]
[Date "1991.??.??"]
[Round "?"]
[White "Thornton, Ivan"]
[Black "Steverson, Bunnard"]
[Result "0-1"]
[WhiteElo "1605"]
[BlackElo "1795"]
[PlyCount "90"]
[EventDate "1991.??.??"]

{3/(23)} 1. e4 c5 2. Nf3 d6 3. c3 Nf6 4. d3 Nc6 5. Nbd2 e6 6. Be2 Be7 7. Nc4 b5
8. Na3 a6 9. O-O O-O 10. Bd2 Bb7 11. b4 cxb4 12. cxb4 d5 13. e5 Nd7 14. d4 Nxb4
15. Qb3 Nc6 16. Nc2 Rc8 17. a4 Nb6 18. axb5 axb5 19. Bxb5 Qc7 20. Bg5 Bxg5 21.
Nxg5 Nxe5 22. dxe5 Qxc2 23. Qxc2 Rxc2 24. Bd3 Rc7 25. Bxh7+ Kh8 26. Bb1 Nc4 27.
Rc1 g6 28. Bxg6 fxg6 29. Nxe6 Rff7 30. Nxc7 Rxc7 31. Ra7 d4 32. h3 d3 33. Rxb7
Rxb7 34. Rxc4 d2 35. Rc8+ Kg7 36. Rd8 Rb1+ 37. Kh2 d1=Q 38. Rxd1 Rxd1 39. f4
Rd3 40. h4 Kf7 41. g3 Ke6 42. Kh3 Kf5 43. Kg2 Kg4 44. Kf2 Rxg3 45. e6 Kxf4 0-1

[Event "Detroit (HPO/5/21)"]
[Site "?"]
[Date "1991.??.??"]
[Round "?"]
[White "Thomas, Willie"]
[Black "Mohammed, A."]
[Result "0-1"]
[WhiteElo "1605"]
[BlackElo "1785"]
[PlyCount "76"]
[EventDate "1991.??.??"]

{5/(21)} 1. d4 g6 2. c4 Bg7 3. Nc3 c5 4. d5 d6 5. e4 Bxc3+ 6. bxc3 Nf6 7. Bd3
Nbd7 8. Nf3 Ng4 9. Bf4 e5 10. Bg3 Nb6 11. h3 Nh6 12. Qd2 Ng8 13. O-O Bd7 14.
Rfe1 Qc7 15. Rab1 O-O-O 16. Ng5 Rf8 17. f4 h6 18. Nf3 f6 19. Nh4 Ne7 20. Nf3 g5
21. fxe5 fxe5 22. Nh2 Ng6 23. Rf1 Nf4 24. Bxf4 gxf4 25. Nf3 Rhg8 26. Kf2 Rg3
27. Rg1 Qd8 28. Kf1 Rfg8 29. Kf2 R8g7 30. Bf1 Qg8 31. h4 Nxc4 32. Qe2 Ne3 33.
Qb2 Bg4 34. Rh1 Nxf1 35. Kxf1 Bxf3 36. gxf3 Rg1+ 37. Rxg1 Rxg1+ 38. Ke2 Rg2+
0-1

[Event "Detroit (HPO/3/20)"]
[Site "?"]
[Date "1991.??.??"]
[Round "?"]
[White "Thomas, Willie"]
[Black "Dmuchowski, Frank"]
[Result "0-1"]
[WhiteElo "1605"]
[BlackElo "1810"]
[PlyCount "46"]
[EventDate "1991.??.??"]

{3/(20)} 1. d4 Nf6 2. c4 g6 3. Nc3 Bg7 4. e4 d6 5. f3 O-O 6. Bd3 e5 7. Nge2 Kh8
8. Be3 Ne8 9. g4 Nc6 10. d5 Nd4 11. Bxd4 exd4 12. Nb5 a6 13. Nbxd4 Qh4+ 14. Kd2
f5 15. gxf5 gxf5 16. exf5 Bxd4 17. Ng3 Bxb2 18. Rb1 Qf4+ 19. Kc2 Bg7 20. Nh5
Qd4 21. Nxg7 Nxg7 22. Qf1 Nxf5 23. Qg1 Ne3+ 0-1

[Event "Detroit (HPO/3/5)"]
[Site "?"]
[Date "1991.??.??"]
[Round "?"]
[White "Thomas, C."]
[Black "Wilson, Vester"]
[Result "1-0"]
[WhiteElo "2130"]
[BlackElo "2065"]
[PlyCount "109"]
[EventDate "1991.??.??"]

{3/(5)} 1. d4 d5 2. Nc3 Nf6 3. Bg5 Nbd7 4. Nf3 c6 5. Qd2 Ne4 6. Nxe4 dxe4 7.
Ng1 Nb6 8. e3 Nd5 9. c4 Nb6 10. O-O-O Be6 11. Qc2 f5 12. f3 Qd7 13. fxe4 fxe4
14. Bf4 Bf7 15. Nh3 Bg6 16. Be2 h6 17. Nf2 Qe6 18. b3 Bh7 19. Bg4 Qg6 20. Qe2
Qf7 21. Rhf1 e6 22. Be5 Ba3+ 23. Kb1 O-O 24. Nh3 Qd7 25. Nf4 Bf5 26. Nh5 g6 27.
Nf6+ Rxf6 28. Bxf6 h5 29. Bh3 Rf8 30. Be5 Qe7 31. Bxf5 exf5 32. g3 Na4 33. Qc2
Nb2 34. c5 Nxd1 35. Rxd1 Qe6 36. Qc3 Rd8 37. Qa5 b6 38. Qxa7 Qxe5 39. dxe5
Rxd1+ 40. Kc2 Rc1+ 41. Kd2 Rxc5 42. Qxa3 Rxe5 43. Qa8+ Kf7 44. Qxc6 Re6 45.
Qc7+ Kf6 46. a4 g5 47. b4 Kg6 48. a5 bxa5 49. bxa5 Kf6 50. Kc3 Kg6 51. Kc4 h4
52. Kd5 Rf6 53. gxh4 f4 54. hxg5 Rf5+ 55. Kxe4 1-0